[Event "Toulouse"]
[Site "Toulouse"]
[Date "1996.??.??"]
[Round "3"]
[White "Lepelletier, Benoit"]
[Black "Hamdouchi, Hichem"]
[Result "1-0"]
[WhiteElo "2460"]
[BlackElo "2495"]

1.e4 c5 2.Ne2 Nc6 3.Nbc3 Nf6 4.g3 d5 5.exd5 Nxd5 6.Bg2 Nxc3 7.bxc3 g6 8.O-O Bg7
9.a4 O-O 10.Ba3 c4 11.Re1 Re8 12.Nf4 e5 13.Qe2 Na5 14.d3 h5 15.h3 Bd7 16.Nd5 cxd3
17.cxd3 Bc6 18.Qa2 Qd7 19.Bb4 b6 20.c4 Rad8 21.Kh2 Kh7 22.Rab1 f5 23.Bxa5 bxa5
24.Rb5 Bxb5 25.axb5 Qd6 26.Qxa5 Qc5 27.Qa2 e4 28.dxe4 Rc8 29.Rc1 fxe4 30.Qe2 Qd4
31.Nb4 e3 32.Nc6 Qc5 33.f4 h4 34.Bd5 hxg3+ 35.Kxg3 Bh6 36.Rf1 Rf8 37.Qg4 Rf5
38.Ne5 Qd6 39.Be4 Rcf8 40.Rd1 Qa3 41.Rd3 Bxf4+ 42.Qxf4 Rxf4 43.Bxg6+ Kg7
44.Rxa3 Rf1 45.Rxe3 Rg1+ 46.Kh2 Rg5 47.h4 Rf2+ 48.Kh3 Rg1 49.Be4 Rf4 50.Bd5 Kh6
51.Rg3 Rd1 52.Nf7+ Kh7 53.Be4+  1-0

[Event "Treviso Lega op"]
[Site "Treviso Lega"]
[Date "1996.??.??"]
[Round "1"]
[White "Verducci, G."]
[Black "Cacco, Christian"]
[Result "0-1"]
[WhiteElo "1865"]
[BlackElo "1685"]

1.e4 c5 2.Ne2 Nc6 3.Nbc3 Nf6 4.g3 g6 5.Bg2 Bg7 6.d3 d6 7.f4 e5 8.O-O O-O
9.h3 Rb8 10.a4 a6 11.g4 exf4 12.Bxf4 Ne8 13.Qd2 Be6 14.Bg5 Qd7 15.Nf4 Nd4
16.Nfd5 f6 17.Be3 Kh8 18.Qf2 f5 19.exf5 gxf5 20.g5 b5 21.axb5 axb5 22.Ra6 b4
23.Nd1 Qb7 24.c3 Qxa6 25.cxd4 Bxd5 26.Bxd5 f4 27.Kh1 Nc7 28.Bc4 Qb7+ 29.Qg2 Qxg2+  0-1

[Event "CRO-chT2"]
[Site "Tucepi"]
[Date "1996.??.??"]
[Round "?"]
[White "Armanda, Ivica"]
[Black "Csoke, Krisztian"]
[Result "1/2-1/2"]
[WhiteElo "2235"]
[BlackElo "2250"]

1.e4 c5 2.Nc3 Nc6 3.Nf3 e5 4.Bc4 d6 5.O-O h6 6.d3 Nf6 7.h3 Be7 8.Ne2 O-O
9.a3 a6 10.Ng3 b5 11.Ba2 Be6 12.c3 Qd7 13.d4 cxd4 14.Bxe6 Qxe6 15.cxd4 Nxd4
16.Nxd4 exd4 17.Qxd4 Rfc8 18.Qd3 d5  1/2-1/2

[Event "CRO-chT"]
[Site "Tucepi"]
[Date "1996.??.??"]
[Round "?"]
[White "Zelic, Marina"]
[Black "Radocaj, Radmila"]
[Result "0-1"]
[WhiteElo "2040"]
[BlackElo "2095"]

1.e4 c5 2.Nc3 Nc6 3.Bb5 a6 4.Bxc6 dxc6 5.d3 e5 6.Be3 Nf6 7.h3 Bd6 8.Nge2 O-O
9.Qd2 b5 10.f4 exf4 11.Nxf4 Nd7 12.O-O Be5 13.Nd1 Qe7 14.c3 Bc7 15.Ne2 Ne5
16.Bf4 Rd8 17.Bxe5 Qxe5 18.Qe3 Qh2+ 19.Kf2 Qd6 20.Nc1 f5 21.e5 Qxe5 22.Qxe5 Bxe5
23.Re1 Bd6 24.Nb3 Bd7 25.Ne3 Re8 26.Nc2 a5 27.Nd2 a4 28.Nf3 Be6 29.d4 Bd5
30.Nd2 Rxe1 31.Nxe1 cxd4 32.cxd4 Bf4 33.Ndf3 Re8 34.Nc2 Bc4 35.Ne5 Bxe5 36.dxe5 Rxe5
37.Ne3 Be6 38.a3 Rc5 39.Kf3 Bd5+ 40.Kf4 g6 41.Ke5 Bxg2+ 42.Kd6 Rd5+ 43.Nxd5 Bxd5
44.Ke5 Kg7 45.Kf4 Kh6 46.Rg1 Kh5 47.Kg3 g5 48.Rf1 f4+ 49.Kh2 Kh4 50.Rf2 h5
51.Rf1 f3 52.Rf2 g4 53.hxg4 hxg4 54.Rd2 g3+ 55.Kg1 f2+ 56.Kf1 Bc4+  0-1

[Event "CZE-ch"]
[Site "Turnov"]
[Date "1996.??.??"]
[Round "6"]
[White "Jansa, Vlastimil"]
[Black "Bazant, Petr Sr"]
[Result "1-0"]
[WhiteElo "2500"]
[BlackElo "2295"]

1.e4 c5 2.Nc3 Nc6 3.Nge2 e5 4.Nd5 d6 5.Nec3 Nge7 6.Bc4 Nxd5 7.Nxd5 Be7 8.O-O O-O
9.d3 Bg5 10.Qh5 Bxc1 11.Raxc1 Be6 12.f4 b5 13.Bxb5 Bxd5 14.exd5 Nd4 15.Ba4 g6
16.Qd1 exf4 17.c3 Nf5 18.Rxf4 Rb8 19.Qd2 Rb7 20.Re1 Qg5 21.Rf2 Qxd2 22.Rxd2 Rfb8
23.b3 Re7 24.Rde2 Rbb7 25.g4 Rxe2 26.Rxe2 Ne7 27.c4 g5 28.Kg2 Kg7 29.Re4 Ng8
30.Kf3 Nf6 31.Re2 Kg6 32.h3 h5 33.gxh5+ Kxh5 34.Bc6 Rc7 35.Kg3 Kg6 36.h4 Nh5+
37.Kf3 Nf4 38.Re8 Nxd3 39.Rg8+ Kf6 40.hxg5+ Kf5 41.Ke3 Nb4 42.Rd8 Kxg5 43.Rxd6 Nxa2
44.Ba4 Re7+ 45.Kd2 Nb4 46.Rd8 Re4 47.d6 Rd4+ 48.Ke3 Nc2+ 49.Ke2 Kf6 50.d7 Rd6
51.Ra8 Nd4+ 52.Ke3 Ne6 53.Rxa7 Ke7 54.Ra8 f5 55.Re8+ Kf6 56.Kf2 f4 57.Bc6 Nd4
58.d8=Q+ Rxd8 59.Rxd8  1-0

[Event "CZE-ch U20"]
[Site "Usti nad Labem"]
[Date "1996.??.??"]
[Round "2"]
[White "Kacirek, Petr"]
[Black "Cvek, Robert"]
[Result "0-1"]
[WhiteElo "2275"]
[BlackElo "2265"]

1.e4 c5 2.Nc3 Nc6 3.Nge2 d6 4.d4 cxd4 5.Nxd4 Nf6 6.g3 e6 7.Bg2 Bd7 8.O-O a6
9.a4 Be7 10.h3 O-O 11.Kh2 Rc8 12.f4 Qc7 13.Nb3 e5 14.Kh1 exf4 15.Bxf4 Ne5
16.Bg5 Be6 17.Nd4 Nc4 18.Qc1 Nh5 19.Nce2 h6 20.Bxe7 Qxe7 21.b3 Ne5 22.c4 b5
23.axb5 axb5 24.Nxb5 Nxc4 25.Nbd4 Ne5 26.Qe3 Rfe8 27.Nf5 Bxf5 28.Rxf5 Nf6
29.Raf1 Ned7 30.Nc3 Rb8 31.Nd5 Nxd5 32.Rxd5 Nf6 33.Rd3 d5 34.Re1 dxe4 35.Rd4 Rb4
36.Red1 Qc5 37.Bf1 Rxd4 38.Qxd4 Qf5 39.Kg2 Qf3+ 40.Kh2 Qxb3 41.Bc4 Qb7 42.Re1 Qe7
43.Ra1 Rd8 44.Qe3 Qb4 45.Qb3 Rd2+ 46.Kh1 Qxb3 47.Bxb3 g5 48.Ra7 Nd7 49.Ra8+ Kg7
50.Rd8 Kf6 51.Ba4 Ke7 52.Rh8 Ne5 53.Kg1 e3 54.Bb5 Nf3+  0-1

[Event "Velden op"]
[Site "Velden"]
[Date "1996.??.??"]
[Round "5"]
[White "Landa, Konstantin"]
[Black "Hanel, Reinhard"]
[Result "1-0"]
[WhiteElo "2570"]
[BlackElo "2350"]

1.Nf3 c5 2.e4 Nc6 3.Nc3 Nf6 4.Bb5 Nd4 5.e5 Nxb5 6.Nxb5 Nd5 7.Ng5 f5 8.O-O a6
9.Nc3 Nxc3 10.bxc3 e6 11.d4 Be7 12.d5 O-O 13.Qh5 h6 14.Nh3 d6 15.Bxh6 dxe5
16.Qg6 Rf7 17.dxe6 Bxe6 18.Bxg7  1-0

[Event "Vendrell op"]
[Site "Vendrell"]
[Date "1996.??.??"]
[Round "2"]
[White "Romero Holmes, Alfonso"]
[Black "Ubilava, Elizbar"]
[Result "1-0"]
[WhiteElo "2425"]
[BlackElo "2535"]

1.e4 c5 2.Nc3 Nc6 3.Nf3 g6 4.d4 cxd4 5.Nxd4 Bg7 6.Be3 Nf6 7.Bc4 Qa5 8.O-O O-O
9.Bb3 d6 10.h3 Bd7 11.f4 Nxd4 12.Bxd4 Bc6 13.Qd3 e5 14.Be3 exf4 15.Rxf4 Nd7
16.Raf1 Nc5 17.Rxf7 Nxb3 18.Rxf8+ Rxf8 19.Rxf8+ Kxf8 20.cxb3 Ke7 21.Bf4 Qc5+
22.Kh2 h6 23.Nd5+ Bxd5 24.exd5 Kf7 25.Qe4 Qc8 26.Bxd6 Qf5 27.Qxf5+ gxf5 28.Kg3 Bxb2
29.Bf4 h5 30.Kf3 a6 31.Ke3 Bc1+ 32.Kf3 Bb2 33.Bg5 Be5 34.Ke3 b5 35.Kd3 Ke8
36.Ke3 Kd7 37.Bf4 Bf6 38.Kf3 Ke7 39.Bb8 Bg5 40.Be5 Kf7 41.Ke2 Ke8 42.Kd3 Kd7
43.Kd4 Be7 44.Bf4 Bf6+ 45.Kc5 Bd8 46.Be5  1-0

[Event "Vendrell op"]
[Site "Vendrell"]
[Date "1996.??.??"]
[Round "3"]
[White "Bjerring, Kai"]
[Black "Antunes, Antonio"]
[Result "0-1"]
[WhiteElo "2365"]
[BlackElo "2545"]

1.e4 c5 2.Nf3 Nc6 3.Nc3 g6 4.Bb5 Bg7 5.O-O e5 6.a3 Nge7 7.b4 b6 8.bxc5 bxc5
9.Rb1 O-O 10.Bc4 d6 11.d3 h6 12.Nd5 Kh7 13.Nh4 Bd7 14.g3 Bh3 15.Re1 Rc8 16.c3 Nxd5
17.Bxd5 Ne7 18.Bc4 Rc7 19.Qb3 g5 20.Ng2 f5 21.Be6 Qe8 22.Ne3 Qh5 23.exf5 Nxf5
24.Qd1 Qg6 25.Bd5 Kh8 26.Be4 Nxe3 27.Bxe3 Bf5 28.c4 g4 29.f3 h5 30.fxg4 hxg4
31.Bxf5 Rxf5 32.Rf1 Rcf7 33.Qe2 Rf3 34.Bd2 e4 35.dxe4 Bd4+  0-1

[Event "Vienna op"]
[Site "Vienna"]
[Date "1996.??.??"]
[Round "1"]
[White "Van der Vorm, Teun"]
[Black "Palac, Mladen"]
[Result "0-1"]
[WhiteElo "2405"]
[BlackElo "2540"]

1.e4 c5 2.Nc3 Nc6 3.Nge2 d6 4.d4 cxd4 5.Nxd4 Nf6 6.Bg5 e6 7.Qd2 a6 8.O-O-O h6
9.Be3 Be7 10.f4 Bd7 11.Bd3 b5 12.h3 Nxd4 13.Bxd4 Bc6 14.Qe1 b4 15.Bxf6 gxf6
16.Nb1 Qa5 17.Bc4 f5 18.exf5 Qxf5 19.Qf1 Rg8 20.g4 Qc5 21.Rh2 d5 22.Bd3 Qa5
23.Qe1 Qxa2 24.Qe5 O-O-O 25.c3 Kb7 26.Rdd2 Qa5 27.Bh7 Rh8 28.Bc2 Qc7 29.Rdf2 Bc5
30.Rf1 a5 31.Bd3 Bd6 32.Qe3 Rc8 33.Rc2 Ba4 34.Re2 Bb3 35.Bc2 Bc4 36.Bd3 Bxd3
37.Qxd3 Qc4 38.Qe3 d4 39.Qe4+ Ka7 40.Rd1 bxc3 41.Qxd4+ Qxd4 42.Rxd4 cxb2+
43.Kxb2 Rc6 44.Red2 Rb8+ 45.Ka2 Bb4 46.Rb2 Rb7 47.h4 Be1 48.h5 Bh4 49.Rxb7+ Kxb7
50.Nd2 Bf6 51.Rd3 Rc2+ 52.Kb3 Rb2+ 53.Ka4 Kc6 54.g5 hxg5 55.fxg5 Bxg5 56.Nf3 Bf6
57.Kxa5 Rb5+ 58.Ka4 Rxh5 59.Kb4 e5 60.Re3 Kd5 61.Nd2 Bg5 62.Rd3+ Ke6 63.Nc4 Be7+
64.Kc3 f5 65.Re3 e4 66.Re2 Rh3+ 67.Kc2 Bf6 68.Ne3 Bd4 69.Nf1 Ke5 70.Nd2 Rc3+
71.Kd1 Be3 72.Rh2 Rd3  0-1

[Event "Vienna op-B"]
[Site "Vienna"]
[Date "1996.??.??"]
[Round "1"]
[White "Jaracz, Pawel"]
[Black "Wukits, Rene"]
[Result "1-0"]
[WhiteElo "2395"]
[BlackElo "2265"]

1.e4 c5 2.Nc3 Nc6 3.Nf3 g6 4.d4 cxd4 5.Nxd4 Bg7 6.Nde2 Nf6 7.g3 O-O 8.Bg2 Rb8
9.O-O b5 10.Re1 d6 11.h3 Be6 12.Bg5 h6 13.Be3 Qd7 14.Kh2 Ne5 15.Nd5 g5 16.Nd4 Nc4
17.Bc1 Rfc8 18.b3 Nb6 19.Ne3 d5 20.e5 Ne4 21.f4 Nxg3 22.Kxg3 gxf4+ 23.Kxf4 Bxe5+
24.Kf3 Bg7 25.Rg1 Qd6 26.Bb2 Qe5 27.Rb1 Qh5+ 28.Kf2 Qh4+ 29.Ke2  1-0

[Event "Vienna op-B"]
[Site "Vienna"]
[Date "1996.??.??"]
[Round "5"]
[White "Jaracz, Pawel"]
[Black "Titz, Heimo"]
[Result "1-0"]
[WhiteElo "2395"]
[BlackElo "2325"]

1.e4 c5 2.Nf3 Nc6 3.Nc3 d6 4.d4 cxd4 5.Nxd4 Nf6 6.Bc4 Qb6 7.Nb3 e6 8.Bf4 Ne5
9.Be2 a6 10.Be3 Qc7 11.f4 Nc4 12.Bxc4 Qxc4 13.Qf3 Bd7 14.O-O-O Qc7 15.g4 Bc6
16.Nd4 b5 17.Nxc6 Qxc6 18.g5 Nd7 19.Rhe1 Rc8 20.Rd2 Be7 21.Bd4 O-O 22.Re3 Rfe8
23.Qh5 b4 24.Nd1 e5 25.Rh3 Nf8 26.fxe5 dxe5 27.Bxe5 Qxe4 28.Bd4 Ne6 29.Be3 Rc6
30.Rf2 Qg6 31.Qxg6 hxg6 32.Rg3 Rd8 33.Rg4 Rd5 34.h4 Ra5 35.Kb1 Re5 36.Rd2 a5
37.Bf2 Rd6 38.Rxd6 Bxd6 39.Bg3 Rd5 40.Ne3 Rd2 41.Kc1 Re2 42.Bxd6 Rxe3 43.Kd2 Rf3
44.Ke2 Rf5 45.Re4 Rd5 46.Be5 Nc5 47.Re3 Nd7 48.Bg3 f5 49.Rd3 Nb6 50.Bc7 Rb5
51.Rd8+ Kf7 52.Rb8 Rc5 53.Bxb6 Rxc2+ 54.Kf3 Rxb2 55.Bxa5 Rxa2 56.Bxb4 Ra7
57.Rb6 Rc7 58.Kg3 Rd7 59.Bd6 Kg8 60.Rc6 Rb7 61.Rc8+ Kh7 62.Be5 f4+ 63.Kg4 f3
64.Rc2 Rb4+ 65.Kxf3 Rb3+ 66.Rc3 Rb5 67.Ke4 Rb4+ 68.Kd5 Rxh4 69.Rc7 Kh8  1-0

[Event "AUT-chT9596"]
[Site "Vorarlberg"]
[Date "1996.??.??"]
[Round "4"]
[White "Schmid, Sandro"]
[Black "Greissing, M."]
[Result "1-0"]
[WhiteElo "1865"]
[BlackElo "1720"]

1.e4 c5 2.Nc3 Nc6 3.Nge2 d6 4.d4 cxd4 5.Nxd4 g6 6.Be2 Bg7 7.Be3 Nf6 8.f4 O-O
9.O-O e5 10.Nxc6 bxc6 11.fxe5 dxe5 12.Qxd8 Rxd8 13.Bc4 Bb7 14.Bc5 Rd7 15.Rae1 a5
16.Na4 Ba6 17.Nb6 Bxc4 18.Rxf6 Bxf6 19.Nxd7 Bd8 20.b3 Be6 21.Nxe5 Bf6 22.Nf3 Bc3
23.Rd1 Bb4 24.Bb6 a4 25.Ne5 axb3 26.axb3 Ra6 27.Rd8+ Kg7 28.Bd4 c5 29.Nd3+ Kh6
30.Bxc5 Ra1+ 31.Kf2 Ba5 32.Be3+ Kg7 33.Bd4+  1-0

[Event "JUG-chT"]
[Site "Vrnjacka Banja"]
[Date "1996.??.??"]
[Round "?"]
[White "Radulski, Julian"]
[Black "Nevednichy, Vladislav"]
[Result "1/2-1/2"]
[WhiteElo "2470"]
[BlackElo "2505"]

1.e4 c5 2.Nc3 Nc6 3.Bb5 Na5 4.Nf3 a6 5.Be2 b5 6.O-O Bb7 7.d4 cxd4 8.Nxd4 e6
9.Be3 Qb8 10.f4 b4 11.Na4 Bxe4 12.Nb3 Nxb3 13.axb3 Nf6 14.Nb6 Ra7 15.Qd4 Rc7
16.Rxa6 Bc5 17.Qd2 Bxe3+ 18.Qxe3 O-O 19.c3 Qb7 20.Rfa1 bxc3 21.bxc3  1/2-1/2

[Event "JUG-chT"]
[Site "Vrnjacka Banja"]
[Date "1996.??.??"]
[Round "?"]
[White "Kontic, Djordje"]
[Black "Gajic, Djordje"]
[Result "1/2-1/2"]
[WhiteElo "2400"]
[BlackElo "2335"]

1.e4 c5 2.Ne2 Nc6 3.Nbc3 e5 4.Ng3 g6 5.Bc4 Bg7 6.O-O Nge7 7.d3 d6 8.f4 exf4
9.Bxf4 O-O 10.Qd2 Be6 11.Bg5 Qd7 12.Bf6 Ne5 13.Bxg7 Kxg7 14.Qg5 Ng8 15.Nh5+ Kh8
16.Bxe6 fxe6 17.Nf4 Rf6  1/2-1/2

[Event "JUG-chT"]
[Site "Vrnjacka Banja"]
[Date "1996.??.??"]
[Round "?"]
[White "Saric, Igor"]
[Black "Marjanovic, Slavoljub"]
[Result "1/2-1/2"]
[WhiteElo "2310"]
[BlackElo "2445"]

1.e4 c5 2.Ne2 Nc6 3.Nbc3 e6 4.g3 d5 5.exd5 exd5 6.Bg2 d4 7.Nd5 Nf6 8.Nxf6+ Qxf6
9.d3 Bd6 10.Nf4 O-O 11.O-O Re8 12.Nd5 Qd8 13.f4 Bf8 14.Qf3 f5 15.Bd2 Be6
16.Rae1 Qd7 17.c4 dxc3 18.bxc3 Bf7 19.c4 Rxe1  1/2-1/2

[Event "JUG-chT"]
[Site "Vrnjacka Banja"]
[Date "1996.??.??"]
[Round "?"]
[White "Kontic, Djordje"]
[Black "Simonovic, Aleksandar"]
[Result "0-1"]
[WhiteElo "2400"]
[BlackElo "2355"]

1.e4 c5 2.Ne2 Nc6 3.Nbc3 d6 4.d4 cxd4 5.Nxd4 Nf6 6.Bc4 Qb6 7.Ndb5 a6 8.Be3 Qa5
9.Nd4 e6 10.O-O Bd7 11.Bb3 Rc8 12.f4 Qh5 13.Qxh5 Nxh5 14.f5 Nxd4 15.Bxd4 e5
16.Bb6 Nf6 17.Nd5 Nxd5 18.Bxd5 Bc6 19.c4 Be7 20.b3 Bxd5 21.exd5 Bg5 22.a3 Kd7
23.Ra2 Bd8 24.Bxd8 Rhxd8 25.f6 gxf6 26.Rxf6 Ke7 27.Raf2 Rf8 28.Rh6 b5 29.cxb5 Rc1+
30.Rf1 Rxf1+ 31.Kxf1 axb5 32.Rxh7 Ra8 33.Rh4 Rxa3 34.Rb4 Ra5 35.g4 f5 36.gxf5 Kf6
37.Kf2 Kxf5 38.Kf3 Ra2 39.h4 Rd2 40.Rxb5 e4+ 41.Ke3 Rd3+ 42.Ke2 Rh3 43.Rb8 Ke5
44.b4 Rxh4 45.b5 Rh2+ 46.Ke3 Rh3+ 47.Ke2 Kd4 48.b6 Rh2+ 49.Kf1 Rb2 50.b7 Kxd5
51.Ke1 Kd4 52.Kd1 d5 53.Kc1 Rb6 54.Kd2 Rb5 55.Kc2 Rc5+ 56.Kd2 Rc7 57.Ke2 Rh7
58.Kf2 Rh2+ 59.Kg1 Rb2 60.Kf1 e3  0-1

[Event "JUG-chT"]
[Site "Vrnjacka Banja"]
[Date "1996.??.??"]
[Round "?"]
[White "Cabarkapa, Velibor"]
[Black "Bjelajac, Milan"]
[Result "1-0"]
[WhiteElo "2275"]
[BlackElo "2380"]

1.e4 c5 2.Nf3 Nc6 3.Nc3 Nf6 4.Bb5 a6 5.Bxc6 dxc6 6.h3 Nd7 7.d3 e5 8.Ne2 g6
9.Be3 Bg7 10.Qd2 O-O 11.g4 Qb6 12.O-O-O Qb4 13.c3 Qa5 14.Kb1 Re8 15.Rhg1 Nf8
16.Nh4 Be6 17.Nc1 Rad8 18.Nf5 Bxf5 19.gxf5 c4 20.Bh6 b5 21.Rg4 Rd6 22.Bxg7 Kxg7
23.f4 Nd7 24.fxe5 Nxe5 25.Rh4 h5 26.d4 Nf3 27.Qf4 Qd8 28.Rxh5 gxh5 29.Qxf3 Qh4
30.e5 Rh6 31.Ne2 Kh8 32.Nf4 Rg8 33.Qe4 a5 34.Ng6+ fxg6 35.Qxh4 gxf5 36.Qf4 Rhg6
37.a3 b4 38.cxb4 axb4 39.axb4 Rg2 40.Qh6+  1-0

[Event "JUG-chT"]
[Site "Vrnjacka Banja"]
[Date "1996.??.??"]
[Round "?"]
[White "Mitrovic, Petar"]
[Black "Markovic, Ivan"]
[Result "0-1"]
[WhiteElo "2365"]
[BlackElo "2415"]

1.e4 c5 2.Nc3 Nc6 3.Nf3 g6 4.d4 cxd4 5.Nxd4 Bg7 6.Be3 Nf6 7.Bc4 O-O 8.Bb3 d6
9.h3 Na5 10.f4 Nxb3 11.axb3 b6 12.g4 Bb7 13.Qf3 a6 14.g5 Nh5 15.f5 Rc8 16.O-O Be5
17.fxg6 fxg6 18.Qg4 Ng3 19.Ne6 Rxf1+ 20.Rxf1 Qd7 21.Rf3 Nxe4 22.Bd4 Nxg5  0-1

[Event "JUG-chT"]
[Site "Vrnjacka Banja"]
[Date "1996.??.??"]
[Round "?"]
[White "Rakic, Tomislav"]
[Black "Buljovcic, Ivan"]
[Result "1-0"]
[WhiteElo "2365"]
[BlackElo "2340"]

1.e4 c5 2.Nc3 Nc6 3.Nf3 g6 4.Bc4 Bg7 5.d3 d6 6.h3 h6 7.O-O e6 8.Bf4 Nge7
9.Nb5 e5 10.Bd2 O-O 11.a4 b6 12.a5 Rb8 13.axb6 axb6 14.b4 Kh7 15.Na7 Bb7
16.Nxc6 Bxc6 17.bxc5 bxc5 18.Ra7 f5 19.Ba5 Qe8 20.Bc7 Ra8 21.Rxa8 Bxa8 22.Bxd6 fxe4
23.dxe4 Bxe4 24.Nxe5 Rf5 25.Re1 Bb7 26.Bd3 Nc6 27.Bxf5 gxf5 28.Nf3 Qc8 29.Qd3 Nd4
30.Re7  1-0

[Event "JUG-chT"]
[Site "Vrnjacka Banja"]
[Date "1996.??.??"]
[Round "?"]
[White "Tasic, Vladimir"]
[Black "Podolnjak, Tomislav"]
[Result "1/2-1/2"]
[WhiteElo "2150"]
[BlackElo "2170"]

1.e4 c5 2.Nc3 Nc6 3.Nf3 e6 4.Bb5 Nge7 5.O-O a6 6.Bxc6 Nxc6 7.d4 cxd4 8.Nxd4 Qc7
9.Re1 b5 10.Nxc6 Qxc6 11.Nd5 Bb7 12.Bf4 Rc8 13.c3 d6 14.Qd2 Be7 15.Nxe7 Kxe7
16.Rad1 Rhd8 17.Bg3 f6 18.f3 e5 19.Bf2 d5 20.exd5 Rxd5 21.Qc2 g6 22.Rd2 Rcd8
23.Red1 Rxd2 24.Rxd2 Rxd2 25.Qxd2 Qd5 26.Qxd5 Bxd5 27.b3 e4 28.f4 Ke6 29.Be3 a5
30.Kf2 a4 31.bxa4 bxa4 32.a3 Bb3 33.Bc5 Kd5 34.Bb4 Kc4 35.Ke3 f5 36.Kd2 Ba2
37.Bf8 Bb1 38.g3 Bd3 39.Bb4  1/2-1/2

[Event "Wattens op"]
[Site "Wattens"]
[Date "1996.??.??"]
[Round "5"]
[White "Natter, Siegfried"]
[Black "Wachinger, Guenther"]
[Result "1-0"]
[WhiteElo "2020"]
[BlackElo "2285"]

1.e4 c5 2.Nc3 Nc6 3.Bb5 g6 4.Bxc6 dxc6 5.d3 Bg7 6.Nf3 e5 7.Be3 b6 8.O-O f6
9.Nd2 Nh6 10.h3 O-O 11.Qe2 Qe7 12.a4 f5 13.Bxh6 Bxh6 14.exf5 Rxf5 15.Nf3 Bg7
16.Rae1 Qf8 17.Nh2 Bd7 18.Ne4 a5 19.Ng4 Rf4 20.g3 Rf7 21.Kg2 Qe7 22.Qe3 Kh8
23.Qg5 Qe6 24.Qh4 h5 25.Ng5 Qd5+ 26.f3 Rff8 27.Ne3 Qd6 28.Nc4 Qc7 29.Ne4 Rae8
30.Qg5 Kh7 31.Qe3 Kg8 32.h4 Be6 33.b3 Re7 34.Rf2 Bd5 35.Ncd2 Qc8 36.Ref1 Qf5
37.Ng5 Bh6 38.Nde4 Kg7 39.Qe2 Ree8 40.Nd6 Qd7 41.Nxe8+ Rxe8 42.Re1 Bxg5 43.hxg5 Qf5
44.Qe3 Kg8 45.Rh1 Rf8 46.c4 Bf7 47.Qe4 Qxg5 48.Qxc6 Rd8 49.Qxb6 Rxd3 50.Qxc5 Rxb3
51.Re1 h4 52.Qxe5 Qxg3+ 53.Qxg3 hxg3 54.Rc2  1-0

[Event "Wattens op"]
[Site "Wattens"]
[Date "1996.??.??"]
[Round "7"]
[White "Natter, Siegfried"]
[Black "Veselovsky, Sergey"]
[Result "1/2-1/2"]
[WhiteElo "2020"]
[BlackElo "2440"]

1.e4 c5 2.Nc3 Nc6 3.Bb5 Nd4 4.Bc4 e6 5.Nf3 Nf6 6.O-O d5 7.exd5 exd5 8.Nxd4 dxc4
9.Re1+ Be7 10.Nf3 Nd5 11.d4 cxd3 12.Qxd3 Nxc3 13.Qxc3 O-O 14.Bf4  1/2-1/2

[Event "Wattens op"]
[Site "Wattens"]
[Date "1996.??.??"]
[Round "9"]
[White "Natter, Siegfried"]
[Black "Weiss, Christian"]
[Result "1/2-1/2"]
[WhiteElo "2020"]
[BlackElo "2335"]

1.e4 c5 2.Nc3 Nc6 3.Bb5 g6 4.Bxc6 bxc6 5.f4 Bg7 6.Nf3 Nf6 7.O-O O-O 8.d3 d6
9.Qe1 Nd7 10.Qg3 Rb8 11.Kh1 f5 12.e5 Nb6 13.Bd2 c4 14.d4 Be6 15.Ng5 Bf7 16.Rfd1 Bh6
17.Nxf7 Rxf7 18.Qf3 d5 19.b3 e6 20.Ne2 Qc8 21.Bb4 Bf8 22.Bxf8 Qxf8 23.a3 h6
24.b4 Na4 25.Nc3 Nxc3 26.Qxc3 g5 27.Rf1 Qe7 28.Qh3 Kh7 29.Qe3 Rg8 30.c3 Rg6
31.a4 Rfg7 32.Ra2 Qe8 33.a5 a6 34.Re2 Qg8 35.Qd2 gxf4 36.Rxf4 Rg4 37.Ref2 R7g5
38.Qe2 Qg6 39.g3 h5 40.Qf1 h4 41.Qh3 Kg7 42.Rxg4 Rxg4 43.Rf3 Qg5 44.Qg2 Qc1+
45.Qg1 Qd2 46.Qg2 Qh6 47.Rf4 Rg6 48.Kg1 hxg3 49.hxg3 Qg5 50.Kf2 Rh6 51.Kf3 Kh8
52.g4 Rh4 53.Qg3 Qh6 54.Kg2 fxg4 55.Rf8+ Kg7 56.Qf4 Rh2+ 57.Qxh2 Qxh2+ 58.Kxh2 Kxf8
59.Kg3 Kg7 60.Kxg4 Kg6 61.Kf4 Kh5 62.Kf3  1/2-1/2

[Event "Yalta op"]
[Site "Yalta"]
[Date "1996.??.??"]
[Round "4"]
[White "Kobalija, Mihail"]
[Black "Neverov, Valeriy"]
[Result "1/2-1/2"]
[WhiteElo "2425"]
[BlackElo "2515"]

1.e4 c5 2.Nc3 Nc6 3.Nge2 e5 4.Nd5 Nge7 5.Nec3 Nxd5 6.Nxd5 Be7 7.Bc4 O-O 8.O-O d6
9.d3 Be6 10.f4 exf4 11.Bxf4 Ne5 12.Bxe5 dxe5 13.Kh1 Bg5 14.Qe1 Kh8 15.g3 f6
16.a4 Qd6  1/2-1/2

[Event "Yerevan ol (Men)"]
[Site "Yerevan"]
[Date "1996.??.??"]
[Round "3"]
[White "Franzoni, Giancarlo"]
[Black "Malisauskas, Vidmantas"]
[Result "1/2-1/2"]
[WhiteElo "2460"]
[BlackElo "2525"]

1.e4 c5 2.Nc3 Nc6 3.Nge2 d6 4.d4 cxd4 5.Nxd4 e6 6.Nb3 Nf6 7.Bd3 a6 8.O-O Be7
9.f4 Qc7 10.a3 b5 11.Be3 Bb7 12.Qf3 b4 13.axb4 Nxb4 14.Na5 O-O 15.Ra4 Nxd3
16.cxd3 Bc6 17.Nxc6 Qxc6 18.Rfa1 Nd7 19.d4 Qb7 20.Qe2 Nf6 21.e5 dxe5 22.dxe5 Nd5
23.Nxd5 Qxd5 24.Rxa6 Rxa6 25.Qxa6 Bc5 26.Bxc5 Qxc5+ 27.Kh1 Qd4 28.Rf1 Qxb2
29.Qa1 Qxa1 30.Rxa1  1/2-1/2

[Event "Yerevan ol (Men)"]
[Site "Yerevan"]
[Date "1996.??.??"]
[Round "3"]
[White "Stevanovic, Nedjo"]
[Black "Kanengoni, Arnold T"]
[Result "0-1"]
[WhiteElo "2095"]
[BlackElo "2230"]

1.e4 c5 2.Nf3 Nc6 3.Nc3 Nf6 4.e5 Ng4 5.Qe2 g6 6.h3 Nh6 7.Ne4 Bg7 8.Nxc5 O-O
9.d4 Nxd4 10.Nxd4 Qa5+ 11.c3 Qxc5 12.Nf3 d6 13.Be3 Qc7 14.exd6 Qxd6 15.Qd3 Qc7
16.Qc4 Qxc4 17.Bxc4 Nf5 18.Bd2 e5 19.g4 Nd6 20.Bd5 Bd7 21.O-O-O Bc6 22.Bxc6 bxc6
23.Be3 Nc4 24.Bc5 Rfe8 25.b3 Nb6 26.c4 e4 27.Nd4 Nd7 28.Bd6 Rac8 29.Rhe1 Be5
30.Ba3 Bxd4 31.Rxd4 Ne5 32.Re2 f5 33.gxf5 gxf5 34.Bb2 Nd3+ 35.Kc2 Red8 36.Bc3 Kf7
37.Rxd8 Rxd8 38.Bd2 Re8 39.a3 f4 40.Rxe4 Nb4+ 41.axb4 Rxe4 42.Kd3 Re5 43.Bxf4 Rh5
44.Bg3 Rxh3 45.Kd4 Rh5 46.Be5 Ke6 47.f4 Rh3 48.Kc5 Rxb3 49.b5 cxb5 50.cxb5 Rb1
51.Kc6 Rb4 52.Bb8 Ra4 53.Kb7 Ra5  0-1

[Event "Yerevan ol (Men)"]
[Site "Yerevan"]
[Date "1996.??.??"]
[Round "3"]
[White "Wong Meng Kong"]
[Black "Sousa, Armindo"]
[Result "1/2-1/2"]
[WhiteElo "2440"]
[BlackElo "2230"]

1.e4 c5 2.Nc3 Nc6 3.Nf3 g6 4.d4 cxd4 5.Nxd4 Bg7 6.Nf3 Nf6 7.Be2 O-O 8.O-O d6
9.Be3 Be6 10.Qd2 Re8 11.Nd4 Bd7 12.f3 a6 13.Rfd1 Rc8 14.Bf1 Ne5 15.b3 Nc6
16.Nce2 Qc7 17.c4 Ne5 18.Rac1 Red8 19.a4 b6 20.Nc3 Qb7 21.Nc2 Be8 22.Nb4 Ned7
23.Nbd5 Nc5 24.Rb1 Nxd5 25.Nxd5 Bc6 26.Qa2 e6 27.Nxb6 Qxb6 28.b4 Qa7 29.a5 Qe7
30.bxc5 dxc5 31.Qa3 Rxd1 32.Rxd1 Bb7 33.Bf2 Be5 34.Kh1 Qc7 35.g3 Bf6 36.Kg2 g5
37.h3 Rd8 38.Rxd8+ Bxd8 39.Qb2 Bc8 40.Be1 e5 41.Bc3 f6 42.Kf2 Be6 43.Qb3 Qc8
44.Be2 Bc7 45.Qa3 Bd8 46.Bd2 Qc7 47.Be3 Be7 48.Qa4 Bd7 49.Qb3 Bd8 50.Qd3 Be6
51.Qd2 Be7 52.f4 Qd7 53.Qxd7 Bxd7 54.Kg2 h6 55.h4 Kg7 56.Bd2 Bc6 57.Bf3 Bd7
58.hxg5 hxg5 59.Kf2 Bd8 60.fxg5 fxg5  1/2-1/2

[Event "Yerevan ol (Men)"]
[Site "Yerevan"]
[Date "1996.??.??"]
[Round "5"]
[White "Sakr, Nassim"]
[Black "Moreno, J."]
[Result "1/2-1/2"]
[WhiteElo "2170"]
[BlackElo "2380"]

1.e4 c5 2.Nc3 Nc6 3.Nge2 Nf6 4.g3 e6 5.Bg2 Be7 6.O-O O-O 7.d4 cxd4 8.Nxd4 d6
9.Kh1 a6 10.f4 Qc7 11.Nb3 b5 12.a3 Bb7 13.Qe2 Rac8 14.Be3 Rfd8 15.Rad1 Bf8
16.Bf3 Nb8 17.Qf2 Nbd7 18.g4 Nc5 19.Nxc5 dxc5 20.Rxd8 Rxd8 21.g5 Nd7 22.Ne2 c4
23.Rd1 Rc8 24.Ng3 Nc5 25.Qd2 Be7 26.Kg2 Rd8 27.Qc1 Rxd1 28.Qxd1 Qd7 29.Qxd7 Nxd7
30.Kf2  1/2-1/2

[Event "Yerevan ol (Men)"]
[Site "Yerevan"]
[Date "1996.??.??"]
[Round "5"]
[White "Ostos, Julio"]
[Black "Assaf, Mansour"]
[Result "0-1"]
[WhiteElo "2300"]
[BlackElo "2210"]

1.e4 c5 2.Nf3 Nc6 3.Nc3 d6 4.d4 cxd4 5.Nxd4 a6 6.g3 Nf6 7.Bg2 e6 8.O-O Be7
9.a4 O-O 10.Nb3 Qc7 11.f4 Rd8 12.Be3 b6 13.g4 Rb8 14.g5 Nd7 15.Rf3 g6 16.h4 Bf8
17.h5 Bg7 18.Rh3 Nf8 19.Rh2 Nb4 20.Bf3 e5 21.hxg6 hxg6 22.f5 gxf5 23.exf5 Bxf5
24.Be4 Be6 25.Qh5 d5 26.Bh7+ Nxh7 27.Qxh7+ Kf8 28.g6 f5 29.Bh6 Bg8 30.Bxg7+ Qxg7
31.Qh4 f4 32.Nd4 Rd6 33.Re1 Rxg6+ 34.Kh1 Rg4 35.Qh5 exd4 36.Qf5+ Bf7 37.Nd1 Kg8
38.Nf2 Rg5 39.Qxf4 Re8 40.Rxe8+ Bxe8 41.Nh3 Rg4 42.Qd6 Qg6  0-1

[Event "Yerevan ol (Men)"]
[Site "Yerevan"]
[Date "1996.??.??"]
[Round "6"]
[White "Zeidler, Sven P"]
[Black "Janahi, Zeyaad"]
[Result "1/2-1/2"]
[WhiteElo "2265"]
[BlackElo "2185"]

1.e4 c5 2.Nc3 Nc6 3.Bb5 Nd4 4.Bc4 g6 5.Nge2 Bg7 6.d3 e6 7.O-O Ne7 8.Nxd4 cxd4
9.Ne2 O-O 10.Bg5 f6 11.Bh4 g5 12.Bg3 Qb6 13.Qd2 Bh6 14.Bb3 f5 15.h4 f4 16.hxg5 Bxg5
17.Bxf4 Rxf4 18.Nxf4 Qd6 19.g3 Ng6 20.f3 b6 21.Qh2 Nxf4 22.gxf4 Bxf4 23.Qg2+ Kh8
24.Kf2 Be3+ 25.Ke2 Ba6 26.Rg1 Bxg1 27.Rxg1 Qe7 28.f4 Rf8 29.f5 Qf6 30.fxe6 dxe6
31.Bxe6 h6 32.Rf1 Qxf1+ 33.Qxf1 Rxf1 34.Kxf1 Kg7 35.e5 Kg6 36.Kf2 Kg5 37.Kg3 Bb7
38.c3 dxc3 39.bxc3 h5 40.d4 h4+ 41.Kh3 Ba6 42.d5 Bc4 43.Bg8 Bxa2 44.e6 Kf6
45.e7 Kxe7 46.d6+ Kxd6 47.Bxa2 Ke5 48.Kxh4 Ke4 49.Bc4 a5 50.Kg3 Ke3 51.Bb5 Kd2
52.c4 Kc3 53.Kf3 Kb3 54.Ke3 a4 55.Bxa4+  1/2-1/2